| 000 | 02203nam a2200541 i 4500 | ||
|---|---|---|---|
| 001 | 29271 | ||
| 003 | KOSZ 005 | ||
| 005 | 20240405063046.0 | ||
| 008 | 220810s1989 pl a g f 001 0 pol | ||
| 015 | _aPB 1992/8968 | ||
| 040 |
_aWA N _cWA N _dKOSZ 005/RW _dKOSZ 005/HR |
||
| 045 |
_bd1945 _bd1950 |
||
| 046 | _k1989 | ||
| 080 | _a94(438).083 | ||
| 080 | _a325.1 | ||
| 080 | _a314.15 | ||
| 080 | _a316.4(438) | ||
| 245 | 0 | 0 |
_aKształtowanie się społeczności polskiej na Pomorzu Środkowym w latach 1945-1950 : _bwybór dokumentów do dziejów Pomorza Środkowego. _nT. 4 cz. 2, _pZjawiska i procesy społeczne pierwszych lat powojennych / _cwstęp, wybór i opracowanie Janusz Śniadecki ; Wyższa Szkoła Inżynierska w Koszalinie. |
| 250 | _aWydanie I. | ||
| 260 |
_aKoszalin : _bWydawnictwo Uczelniane Wyższej Szkoły Inżynierskiej, _c1989. |
||
| 300 |
_a149, [11] stron : _berrata ; _c24 cm. |
||
| 336 |
_aTekst _btxt _2rdacontent |
||
| 337 |
_aBez urządzenia pośredniczącego _bn _2rdamedia |
||
| 338 |
_aWolumin _bnc _2rdacarrier |
||
| 380 | _aKsiążki | ||
| 380 | _aPublikacje naukowe | ||
| 388 | 1 | _a1901-2000 | |
| 388 | 1 | _a1989-2000 | |
| 490 | 1 |
_aPrace Zespołu Badawczego Problematyka Militarna Pomorza w Latach 1914-1945 ; _vnr 6. |
|
| 500 | _aOznaczono jako t. 4. | ||
| 504 | _aBibliografia na stronach 142-149. Indeks. | ||
| 648 | 7 | _a1901-2000 | |
| 648 | 7 | _a1945-1989 | |
| 650 | 7 | _aMigracje | |
| 650 | 7 | _aPolityka wewnętrzna | |
| 650 | 7 | _aLudność | |
| 651 | 7 | _aPomorze Zachodnie | |
| 651 | 7 | _aPolska | |
| 655 | 7 | _aWydawnictwo źródłowe | |
| 658 | _aHistoria | ||
| 658 | _aSocjologia i społeczeństwo | ||
| 700 | 1 |
_aŚniadecki, Janusz _d(1944-). _eOpracowanie |
|
| 710 | 2 | _aWyższa Szkoła Inżynierska (Koszalin) | |
| 710 | 2 |
_aWydawnictwo Uczelniane (Wyższa Szkoła Inżynierska ; Koszalin) _4pbl |
|
| 830 | 0 |
_aPrace Zespołu Badawczego Problematyka Militarna Pomorza w Latach 1914-1945 _vnr 6 |
|
| 856 |
_uhttp://koha.tu.koszalin.pl/cgi-bin/koha/opac-detail.pl?biblionumber=29271 _yKatalog online BPK |
||
| 942 |
_2UKD _cKS |
||
| 999 |
_c29271 _d29271 |
||